Banner

El contrato de arrendamiento y el proceso de restitución del inmueble / (Record no. 541)

MARC details
000 -LEADER
campo de control de longitud fija 01094nam a22003137a 4500
001 - NÚMERO DE CONTROL
campo de control 003096
003 - IDENTIFICADOR DE NÚMERO DE CONTROL
campo de control CoMeUDC003096
005 - FECHA Y HORA DE LA ÚLTIMA TRANSACCIÓN
campo de control 20181218181429.0
008 - DATOS DE LONGITUD FIJA--INFORMACIÓN GENERAL
campo de control de longitud fija 130821s2012 ck gr spa
020 ## - NÚMERO INTERNACIONAL ESTÁNDAR DEL LIBRO
Número Internacional Estándar del Libro 9789587119411
040 ## - FUENTE DE CATALOGACIÓN
Centro catalogador/agencia de origen CO-BoUCM
Lengua de catalogación spa
Centro/agencia transcriptor CoMeUDC
041 00 - CÓDIGO DE IDIOMA
Código de lengua del texto/banda sonora o título independiente spa
082 04 - NÚMERO DE LA CLASIFICACIÓN DECIMAL DEWEY
Número de clasificación 346.0434
Información de edición 20
Número de ítem S127c
100 1# - ENTRADA PRINCIPAL--NOMBRE DE PERSONA
Nombre de persona Sáenz Fonseca, Luz Amanda
9 (RLIN) 30254
245 13 - MENCIÓN DEL TÍTULO
Título El contrato de arrendamiento y el proceso de restitución del inmueble /
Mención de responsabilidad, etc. Luz Amanda Sáenz Fonseca, Mauel Enrique Cabrera, Hildebrando Leal Pérez
250 ## - MENCION DE EDICION
Mención de edición 14a ed
260 ## - PUBLICACIÓN, DISTRIBUCIÓN, ETC.
Lugar de publicación, distribución, etc. Bogotá (Colombia) :
Nombre del editor, distribuidor, etc. Leyer,
Fecha de publicación, distribución, etc. 2012.
300 ## - DESCRIPCIÓN FÍSICA
Extensión xiv, 432 páginas
500 ## - NOTA GENERAL
Nota general Incluye índice alfabético de materias
650 #7 - PUNTO DE ACCESO ADICIONAL DE MATERIA--TÉRMINO DE MATERIA
Término de materia o nombre geográfico como elemento de entrada Alquileres
Subdivisión general Legislación
9 (RLIN) 8871
650 #7 - PUNTO DE ACCESO ADICIONAL DE MATERIA--TÉRMINO DE MATERIA
Término de materia o nombre geográfico como elemento de entrada Arrendamiento
Subdivisión general Legislación
9 (RLIN) 9432
650 #7 - PUNTO DE ACCESO ADICIONAL DE MATERIA--TÉRMINO DE MATERIA
Término de materia o nombre geográfico como elemento de entrada Derecho civil
9 (RLIN) 12711
650 #7 - PUNTO DE ACCESO ADICIONAL DE MATERIA--TÉRMINO DE MATERIA
Término de materia o nombre geográfico como elemento de entrada Derecho comercial
9 (RLIN) 42048
650 #7 - PUNTO DE ACCESO ADICIONAL DE MATERIA--TÉRMINO DE MATERIA
Término de materia o nombre geográfico como elemento de entrada Derecho privado
9 (RLIN) 42049
690 ## - PUNTO DE ACCESO ADICIONAL DE MATERIA LOCAL--TÉRMINO DE MATERIA (OCLC, RLIN)
Término de materia o nombre geográfico como elemento inicial Derecho comercial
700 1# - ENTRADA AGREGADA--NOMBRE PERSONAL
Nombre de persona Cabrera, Manuel Enrique
9 (RLIN) 30255
700 1# - ENTRADA AGREGADA--NOMBRE PERSONAL
Nombre de persona Leal Pérez, Hildebrando
9 (RLIN) 30256
942 ## - ELEMENTOS DE ENTRADA SECUNDARIOS (KOHA)
Tipo de ítem Koha Libros
Código de la institución [OBSOLETO] 8
Edición 1
Sufijo de la signatura S127c
Fuente del sistema de clasificación o colocación Clasificación Decimal Dewey
Parte de la signatura que corresponde a la clasificación (Parte de la clasificación) 346.04346
Holdings
Estatus retirado Estado de pérdida Fuente del sistema de clasificación o colocación Estado de daño No para préstamo Colección Biblioteca de origen Biblioteca actual Fecha de adquisición Fuente de adquisición Signatura topográfica completa Código de barras Visto por última vez Copia número Precio de reemplazo Tipo de ítem Koha
    Clasificación Decimal Dewey     Colección general U DE COLOMBIA - Biblioteca U DE COLOMBIA - Biblioteca 18/12/2018 Compra 346.0434 S127c 14 ED. 003096 18/12/2018 1 18/12/2018 Libros


Biblioteca Académica Corporación Universitaria U DE COLOMBIA | Teléfono: +(57) (4) 2398080 ext. 1112 | E-mail: biblioteca@udecolombia.edu.co | Dirección: Calle 56 Nº 41 – 147 (Bolivia con Girardot)
Horario de atención: lunes a viernes 8:00 a.m. a 8:00 p.m. - sábados 8:00 a.m. a 4:00 p.m.
Implementado por Grupo EGS.

Powered by Koha